U.S. States in Cyrillic Script - Statistics

General Stats
  • This quiz has been taken 190 times
  • The average score is 46 of 50
Answer Stats
Cyrillic Latin % Correct
Алабама Alabama
99%
Аласка Alaska
99%
Кансас Kansas
99%
Неw Хампшире New Hampshire
99%
Охио Ohio
99%
Миссиссиппи Mississippi
98%
Невада Nevada
97%
Соутх Дакота South Dakota
97%
Аризона Arizona
96%
Иоwа Iowa
96%
Кентуцкы Kentucky
96%
Маине Maine
96%
Неw Мехицо New Mexico
96%
Неw Ыорк New York
96%
Нортх Царолина North Carolina
96%
Оклахома Oklahoma
96%
Орегон Oregon
96%
Wисцонсин Wisconsin
96%
Пеннсылваниа Pennsylvania
95%
Соутх Царолина South Carolina
95%
Хаwаии Hawaii
94%
Идахо Idaho
94%
Небраска Nebraska
94%
Техас Texas
94%
Wашингтон Washington
94%
Делаwаре Delaware
93%
Индиана Indiana
93%
Нортх Дакота North Dakota
93%
Теннессее Tennessee
93%
Виргиниа Virginia
93%
Флорида Florida
92%
Цалифорниа California
91%
Цолорадо Colorado
91%
Мичиган Michigan
91%
Wыоминг Wyoming
91%
Георгиа Georgia
90%
Цоннецтицут Connecticut
89%
Иллиноис Illinois
88%
Лоуисиана Louisiana
88%
Марыланд Maryland
88%
Монтана Montana
86%
Wест Виргиниа West Virginia
86%
Аркансас Arkansas
83%
Массачусеттс Massachusetts
83%
Рходе Исланд Rhode Island
82%
Утах Utah
81%
Миннесота Minnesota
79%
Вермонт Vermont
78%
Миссоури Missouri
77%
Неw Йерсеы New Jersey
76%
No matching quizzes found
Score Distribution
Percent of People with Each Score
Percentile by Number Answered
Your Score History
You have not taken this quiz